000 00429nam a2200157Ia 4500
008 240729s9999 xx 000 0 und d
022 _a1555-1369
245 0 _aLean Construction Journal
260 _aUnited States
260 _bLean Construction Institute
650 _a Building construction
650 _aTechnology
856 _uhttps://doaj.org/toc/a565ea405dfb426aa0966c300254415f
942 _2ddc
942 _cDOAJEJ
999 _c66090
_d66090
945 _a1
_bMadushi Gamage
_c1
_dMadushi Gamage